| 000 | 00929cam a2200289 a 4500 | ||
|---|---|---|---|
| 001 | 17253597 | ||
| 005 | 20201128021220.0 | ||
| 008 | 120412t2010 xxua frb 001 0 eng d | ||
| 020 | _a9780495438519 | ||
| 020 | _a0495438510 | ||
| 040 |
_aDLC _cDLC _dDLC _dEG-ScBUE |
||
| 082 | 0 | 0 |
_a669.9 _222 _bABB |
| 100 | 1 |
_aAbbaschian, R. _q(Reza) _937455 |
|
| 245 | 1 | 0 |
_aPhysical metallurgy principles / _cReza Abbaschian, Lara Abbaschian, Robert E. Reed-Hill. |
| 250 | _a4th ed., SI | ||
| 260 |
_aStamford, United States : _bCengage Learning, _cc.2010. |
||
| 300 |
_axvii, 749 p. : _bill. ; _c25 cm. |
||
| 500 | _aIncludes appendixes. | ||
| 500 | _aIndex : p. 740-749. | ||
| 504 | _aBibliography : p. 729-730. | ||
| 650 | 0 |
_aPhysical metallurgy _92614 |
|
| 653 |
_bENGELC _cFebruary2015 |
||
| 655 |
_vreading book _934232 |
||
| 700 | 1 |
_aAbbaschian, Lara _937456 |
|
| 700 | 1 |
_aReed-Hill, Robert E. _937457 |
|
| 942 |
_2ddc _k669.9 ABB |
||
| 999 |
_c19004 _d18976 |
||